| 000 | 00742nam a2200241 a 4500 | ||
|---|---|---|---|
| 005 | 20240808063758.0 | ||
| 008 | 070122s1999 mx r 000 0 spa d | ||
| 020 | _a8474323851 | ||
| 035 | _aUPN01000148754 | ||
| 049 | _aCG | ||
| 050 | 4 |
_aBF385 _bL6.3 1999 |
|
| 100 | 1 | _aLorayne, Harry | |
| 245 | 1 | 0 |
_aCómo desarrollar su memoria : _bpara ganar dinero en sus relaciones profesionales / _cHarry Lorayne ; tr. Daniel Zadunaisky. |
| 250 | _a3a ed. | ||
| 260 |
_aBarcelona, Esp. : _bGedisa, _c1999. |
||
| 300 | _a225 p. | ||
| 440 | 0 |
_aPsicología. _pDivulgación y autoayuda |
|
| 534 |
_pTítulo original: _tMemory makes money |
||
| 650 | 4 |
_aMNEMOTECNIA _95322 |
|
| 650 | 4 |
_aMemoria _95324 |
|
| 650 | 4 |
_aNegocios _98729 |
|
| 905 | _aLibro | ||
| 999 |
_c120895 _d120895 |
||